Normal view
MARC view
Entry Personal Name
001 - CONTROL NUMBER
- control field: 79363
003 - CONTROL NUMBER IDENTIFIER
- control field: dpl
005 - DATE AND TIME OF LATEST TRANSACTION
- control field: 20250306165610.0
008 - FIXED-LENGTH DATA ELEMENTS
- fixed length control field: 250306|| aca||aabn | a|a d
040 ## - CATALOGING SOURCE
- Original cataloging agency: dpl
- Transcribing agency: dpl
100 ## - HEADING--PERSONAL NAME
- Personal name: Mirza , Saeed
670 ## - SOURCE DATA FOUND
- Source citation: Work cat.: (dpl)209706: Mirza , Saeed , Ammi letter to a democractic mother /, 2013
